| 000 | 00387nam a2200157Ia 4500 | ||
|---|---|---|---|
| 008 | 210210b1945 xxu||||| |||| 00| 0 eng d | ||
| 041 | _aeng | ||
| 082 | _a590/266 | ||
| 100 | _aROMER (A S) | ||
| 245 | _aVertebrate plalentology | ||
| 260 |
_aChicago _bThe University of Chicago Press _c1945 |
||
| 650 | _aVertebrate | ||
| 650 | _aplalentology | ||
| 690 | _aZoology | ||
| 906 | _a010837 | ||
| 999 |
_c138729 _d138729 |
||